Online
Catalog

La sociedad de consumo de masas / (Record no. 22949)

MARC details
000 -CABECERA
campo de control de longitud fija 00650nam a2200205 a 4500
001 - NÚMERO DE CONTROL
campo de control 000023453
005 - FECHA Y HORA DE LA ÚLTIMA TRANSACCIÓN
campo de control 20200930022229.0
008 - DATOS DE LONGITUD FIJA--INFORMACIÓN GENERAL
campo de control de longitud fija 101208s1968 sp ad r 000 0 spa d
040 ## - FUENTE DE LA CATALOGACIÓN
Centro catalogador/agencia de origen DO-SdBNP
Lengua de catalogación spa
Centro/agencia transcriptor BNPHU
082 ## - NÚMERO DE LA CLASIFICACIÓN DECIMAL DEWEY
Número de clasificación xxxxx
Número de documento/Ítem K196s
049 ## - FONDOS LOCALES (OCLC)
Fondos de biblioteca BNGR
100 1# - ENTRADA PRINCIPAL--NOMBRE DE PERSONA
Nombre de persona Katona, George
9 (RLIN) 48326
245 13 - MENCIÓN DE TÍTULO
Título La sociedad de consumo de masas /
Mención de responsabilidad, etc. George Katona ; traducción Isidro Lliró.
260 ## - PUBLICACIÓN, DISTRIBUCIÓN, ETC.
Lugar de publicación, distribución, etc. Madrid :
Nombre del editor, distribuidor, etc. Rialp,
Fecha de publicación, distribución, etc. 1968.
300 ## - DESCRIPCIÓN FÍSICA
Extensión 372 p. :
Otras características físicas il., diag. ;
Dimensiones 24 cm.
490 1# - MENCIÓN DE SERIE
Mención de serie Hombre y sociedad ;
Designación de volumen o secuencia 14
500 ## - NOTA GENERAL
Nota general Incluye notas al pie de las páginas.
700 1# - PUNTO DE ACCESO ADICIONAL--NOMBRE DE PERSONA
Nombre de persona Lliró, Isidro,
Término indicativo de función/relación tr.
9 (RLIN) 48327
830 #0 - PUNTO DE ACCESO ADICIONAL DE SERIE-TÍTULO UNIFORME
Título uniforme Hombre y sociedad ;
Número de parte o sección de la obra 14
9 (RLIN) 48328
Holdings
Estado de retiro Estado de pérdida Restricciones de uso No para préstamo Código de colección Localización permanente Ubicación/localización actual Ubicación en estantería Fecha de adquisición Número de inventario Total de préstamos Signatura topográfica completa Código de barras Fecha visto por última vez Precio válido a partir de Tipo de ítem Koha
        Monografías: Libros y Folletos General General En catalogación 08.12.2010 LF1   xxxxx K196s 23453-10 25.06.2020 25.06.2020 Préstamo en sala

Powered by Koha